| 000 | 00962cab a22002415a 4500 | ||
|---|---|---|---|
| 001 | L144342 | ||
| 008 | 080711s2008 xxko f v 000 0 eng d | ||
| 035 | _a(Sirsi) u144342 | ||
| 041 | 0 | _aeng | |
| 100 | 1 | _aEvans, Ashleigh | |
| 245 | 0 | 4 | _aThe new Housing and Regeneration Bill |
| 260 | _c2008 | ||
| 490 | 0 |
_aLovells Real Estate Quarterly _vSummer 2008, 12-14(3) |
|
| 520 | _aArticle looks at the three parts of the new legislation - dealing with: the new Homes and Communities Agency; regulation of social housing through the creation of the Office for Tenants and Social Landlords and other provisions, including sustainability certificates and housing finance. | ||
| 590 | _aKA | ||
| 650 | 2 | 4 | _aHOUSING AND REGENERATION BILL 2007 |
| 650 | 2 | 4 | _aDCLG CODE FOR SUSTAINABLE HOMES |
| 650 | 2 | 4 | _aHOME INFORMATION PACKS |
| 650 | 2 | 4 | _aHOUSING GREEN PAPER |
| 651 | 4 |
_aUnited Kingdom _y |
|
| 690 | _aPROPERTY-PROPERTY MANAGEMENT-REGENERATION | ||
| 942 | _n0 | ||
| 999 |
_c80431 _d80431 |
||